000 00287nam a2200121Ia 4500
008 220204s9999 xx 000 0 und d
082 _a301(-201)
_bWIL
100 _aSchulz, D A
245 0 _aUrban sociology
260 _aNew Jersey
_bPrentice Hall
700 _aWilson, R
942 _cBK
999 _c34840
_d34840